Jevy, které mohou odstarovat sociální krize
Pojem sociálna kríza. Sociálna kríza v chápaní krízy sociálneho štátu. Zdroje sociálnej krízy. Sociálna kríza ako dôsledok zlyhania verejnej správy a doterajšej odozvy EÚ.
Saved in:
| Main Author: | |
|---|---|
| Format: | Book Chapter |
| Language: | Czech |
| Subjects: | |
| Tags: |
No Tags, Be the first to tag this record!
|
MARC
| LEADER | 00000naa a2200000 4500 | ||
|---|---|---|---|
| 001 | 0191482 | ||
| 005 | 20220714120446.1 | ||
| 041 | 0 | |a cze | |
| 044 | |a CZ | ||
| 245 | 1 | 0 | |a Jevy, které mohou odstarovat sociální krize |c Dana Procházková |
| 520 | |a Pojem sociálna kríza. Sociálna kríza v chápaní krízy sociálneho štátu. Zdroje sociálnej krízy. Sociálna kríza ako dôsledok zlyhania verejnej správy a doterajšej odozvy EÚ. | ||
| 610 | 2 | 0 | |a kríza sociálna |
| 610 | 2 | 0 | |a štát sociálny |
| 610 | 2 | 0 | |a korupcia |
| 610 | 2 | 0 | |a Európska únia |
| 610 | 2 | 0 | |a správa verejná |
| 100 | 1 | |a Procházková, Dana | |